Przewodnik po Velehradzie /

Hlavní autor: Pojsl, Miloslav, 1945-2016
Další autoři: Hyhlík, Vladimír, 1925-2011, Pinkava, Josef, 1927-
Jazyk: Polština
Vydáno: Kostelní Vydří : Karmelitánské nakladatelství, 2007
Edice: Průvodce (Karmelitánské nakladatelství)
Témata:
Fyzický popis: 63 s. : barev. il., plán ; 17 cm
Knihy
Uloženo v:
LEADER 02009nam a2200529 a 4500
001 nkc20071727039
003 CZ PrNK
005 20071002160423.0
007 ta
008 070710s2007 xr ae e f 000 0 pol
015 |a cnb001727039 
020 |a 978-80-7195-156-8  |q (brož.) 
035 |a (OCoLC)188563679 
040 |a OLA001  |b cze  |d ABA001 
041 1 |a pol  |h cze 
043 |a e-xr---  |b e-xr-zl  |2 czenas 
072 7 |a 72  |x Architektura  |2 Konspekt  |9 21 
080 |a 726.54  |2 MRF 
080 |a 272-522/-523  |2 MRF 
080 |a 72:904  |2 MRF 
080 |a (437.323)  |2 MRF 
080 |a (036)  |2 MRF 
100 1 |a Pojsl, Miloslav,  |d 1945-2016  |7 jn20001005431  |4 aut 
245 1 0 |a Przewodnik po Velehradzie /  |c Miloslav Pojsl ; [z czeskiego przełożył Andrzej Siuda ; zdjęcia Vladimír Hyhlík i Josef Pinkava] 
260 |a Kostelní Vydří :  |b Karmelitánské nakladatelství,  |c 2007 
300 |a 63 s. :  |b barev. il., plán ;  |c 17 cm 
490 1 |a Průvodce 
610 2 7 |a Bazilika Nanebevzetí Panny Marie a sv. Cyrila a Metoděje (Velehrad, Česko)  |7 kn20050506032  |2 czenas 
650 0 7 |a baziliky  |7 ph118785  |z Česko  |2 czenas 
650 0 7 |a poutní místa  |7 ph115843  |z Česko  |2 czenas 
650 0 7 |a architektonické památky  |7 ph118585  |z Česko  |2 czenas 
650 0 9 |a basilicas  |z Czechia  |2 eczenas 
650 0 9 |a pilgrimage places  |z Czechia  |2 eczenas 
650 0 9 |a architectural monuments  |z Czechia  |2 eczenas 
651 7 |a Velehrad (Česko)  |7 ge131245  |2 czenas 
651 9 |a Velehrad (Czechia)  |2 eczenas 
655 7 |a průvodce  |7 fd133154  |2 czenas 
655 9 |a guidebooks  |2 eczenas 
700 1 |a Hyhlík, Vladimír,  |d 1925-2011  |7 jk01043403  |4 pht 
700 1 |a Pinkava, Josef,  |d 1927-  |7 jo2004213756  |4 pht 
765 0 |t Průvodce Velehradem  |9 Polsky 
830 0 |a Průvodce (Karmelitánské nakladatelství)  |0 s 
910 2 |a BOA001  |b M1-1189.020 
990 |a BK 
995 |a 01 
991 |b 200708  |c NOV 
996 6 |b 2610316238  |c M1-1189.020  |l MZK  |r Sklad / do 24 hodin  |n 0  |p p.v.  |w 000858459  |u 000010  |a 1  |e BOA001  |j MZK50  |s P